99 Greatest TV Characters Since Tony Soprano (99-80) Quiz Stats

 Plays Quiz not verified by Sporcle

Challenge
Share
Tweet
Score 0/20 Timer 05:00
0 Plays Today
% Correct
Dexter Morgan
89.6%
Mindy Lahiri
87.9%
Brian Griffin
86.5%
Jackie Peyton
81.8%
Sue Sylvester
58.2%
Abed Nadir
52.7%
The Governor
46.2%
Galina “Red” Reznikov
42.2%
Stefon
36.9%
Abby Sciuto
34.6%
% Correct
Cookie Lyon
28.4%
Felicity Smoak
21.8%
Walter Bishop
20.2%
Louis Litt
17.7%
Richard Harrow
15.8%
Wilhelmina Slater
14.6%
Lorne Malvo
14.2%
Jane Kerkovich
13.2%
Nero Padilla
11.2%
Toni and Candace
5.5%

You're not logged in!

Compare scores with friends on all Sporcle quizzes.
OR
Log In

You Might Also Like...

Show Comments

Extras

Created Mar 13, 2015ReportNominate
Tags:character, greatest, soprano, tony, yahoo

Top Quizzes Today


Score Distribution

Your Account Isn't Verified!

In order to create a playlist on Sporcle, you need to verify the email address you used during registration. Go to your Sporcle Settings to finish the process.

Report this User

Report this user for behavior that violates our Community Guidelines.

Details: